Electronics practicals and microprocessor programming (8085) / (Record no. 24859)

MARC details
000 -LEADER
fixed length control field 00845nam a22002177a 4500
008 - FIXED-LENGTH DATA ELEMENTS--GENERAL INFORMATION
fixed length control field 090305t xxu||||| |||| 00| 0 eng d
010 ## - LCCN (DPL NO)
LC control number ENG-93081
020 ## - INTERNATIONAL STANDARD BOOK NUMBER
Terms of availability 100.00
International Standard Book Number 8182400120
035 ## - SYSTEM CONTROL NUMBER
System control number EN-76614
037 ## - SOURCE OF ACQUISITION
Source of stock number/acquisition DBAD / PUB
040 ## - CATALOGING SOURCE
Original cataloging agency dpl
Language of cataloging English
082 ## - DEWEY DECIMAL CLASSIFICATION NUMBER
Classification number 621.391
100 ## - MAIN ENTRY--PERSONAL NAME
Personal name Lawrenec, T.
245 ## - TITLE STATEMENT
Title Electronics practicals and microprocessor programming (8085) /
Statement of responsibility, etc by T. Lawrence
260 ## - PUBLICATION, DISTRIBUTION, ETC. (IMPRINT)
Place of publication, distribution, etc Delhi
Name of publisher, distributor, etc Dhruv Publications
Date of publication, distribution, etc 2007
270 ## - ADDRESS
Address 103, Aggarwal Tower, LSC 'O&P' Pocket, Dilshand Garden,
City Delhi
Postal code 110095
300 ## - PHYSICAL DESCRIPTION
Extent 89p.
Dimensions 23cm (pbk)
500 ## - GENERAL NOTE
General note Incluses glossary
942 ## - ADDED ENTRY ELEMENTS (KOHA)
Source of classification or shelving scheme Dewey Decimal Classification
Item type English Books
Call number suffix LAW
Classification part 621.391
Holdings
Withdrawn status Lost status Source of classification or shelving scheme Damaged status Not for loan Collection code Home library Current library Date acquired Source of acquisition Cost, normal purchase price Total Checkouts Full call number Barcode Date last seen Copy number Cost, replacement price Koha item type
    Dewey Decimal Classification   Not For Loan Non-fiction D.B.Act.Division D.B.Act.Division 05/03/2009 DBAD / PUB 100.00   621.391 LAW EN-76614 05/03/2009 1 100.00 English Books

© Delhi Public Library
Hit Counter
free hit counter